Statystyki dla Najbogatsze Kraje Świata

Kliknij tutaj aby rozwiązać quiz!

Ogólne statystyki

  • Ten quiz został rozwiązany 839 razy
  • Średni wynik to 11 z 15

Statystyki odpowiedzi

Kraje% Poprawnych
Stany Zjednoczone
98%
Chiny
93%
Niemcy
90%
Rosja
89%
Francja
88%
Japonia
83%
Hiszpania
80%
Wielka Brytania
79%
Brazylia
76%
Włochy
73%
Indie
72%
Korea Południowa
62%
Meksyk
62%
Turcja
49%
Indonezja
41%

Rozkład punktacji

Percentyl według liczby udzielonych odpowiedzi

Procent ludzi z każdym wynikiem

Twoja historia wyników

Nie rozwiązałeś tego quizu